تاريخ الصحافة (Record no. 17765)

MARC details
000 -LEADER
fixed length control field 00508nam a22001817a 4500
003 - CONTROL NUMBER IDENTIFIER
control field OSt
005 - DATE AND TIME OF LATEST TRANSACTION
control field 20171019120454.0
008 - FIXED-LENGTH DATA ELEMENTS--GENERAL INFORMATION
fixed length control field 171019b xxu||||| |||| 00| 0 ara d
040 ## - CATALOGING SOURCE
Original cataloging agency LB-BrCRDP
082 ## - DEWEY DECIMAL CLASSIFICATION NUMBER
Classification number 070.9 T328 ha
100 ## - MAIN ENTRY--PERSONAL NAME
Personal name فرنسوا تيرو
245 ## - TITLE STATEMENT
Title تاريخ الصحافة
260 ## - PUBLICATION, DISTRIBUTION, ETC.
Name of publisher, distributor, etc. المنشورات العربية
300 ## - PHYSICAL DESCRIPTION
Extent ص113
Dimensions سم20
500 ## - GENERAL NOTE
General note ترجمة :عبدالله نعمان<br/>"Histoire de la Presse"
700 ## - ADDED ENTRY--PERSONAL NAME
Personal name بيار البير
942 ## - ADDED ENTRY ELEMENTS (KOHA)
Source of classification or shelving scheme Dewey Decimal Classification
Koha item type Books
Holdings
Withdrawn status Lost status Source of classification or shelving scheme Damaged status Not for loan Home library Current library Date acquired Total Checkouts Full call number Barcode Date last seen Copy number Price effective from Koha item type
    Dewey Decimal Classification     مكتبة المطبعة - سن الفيل مكتبة المطبعة - سن الفيل 10/19/2017   070.9 T328 ha crdp015261 10/19/2017 2 10/19/2017 Books
    Dewey Decimal Classification     مكتبة المطبعة - سن الفيل مكتبة المطبعة - سن الفيل 10/19/2017   070.9 T328 ha crdp015262 10/19/2017   10/19/2017 Books